| Tag |
First Indicator |
Second Indicator |
Subfields |
| LEADER |
00000cas a2200000 a 4500 |
| 001 |
in00005661721 |
| 008 |
950303d19922009qeatr p 0 a0eng d |
| 005 |
20250827154722.0 |
| 035 |
|
|
|a (OCoLC)on1057999271
|
| 040 |
|
|
|a AU@
|b eng
|c AU@
|d OCLCO
|d OCLCF
|d OCLCQ
|d OCLCO
|d OCLCQ
|
| 016 |
7 |
|
|a 000013811546
|2 AU
|
| 022 |
|
|
|a 1323-5109
|
| 024 |
8 |
|
|a ISSN/AUG2010
|
| 035 |
|
|
|a (OCoLC)1057999271
|
| 050 |
|
4 |
|a RD129.8
|b .T7
|
| 082 |
0 |
4 |
|a 610.73/677/05
|2 20
|
| 222 |
|
0 |
|a Transplant nurses journal
|
| 245 |
0 |
0 |
|a Transplant nurses' journal :
|b TNJ /
|c Transplant Nurses' Association.
|
| 246 |
3 |
0 |
|a TNJ
|
| 260 |
|
|
|a Toowong, Queensland :
|b Transplant Nurses' Association.
|
| 300 |
|
|
|a volumes :
|b illustrations ;
|c 30 cm
|
| 310 |
|
|
|a Three times a year
|
| 336 |
|
|
|a text
|b txt
|2 rdacontent
|
| 337 |
|
|
|a unmediated
|b n
|2 rdamedia
|
| 338 |
|
|
|a volume
|b nc
|2 rdacarrier
|
| 362 |
0 |
|
|a -v. 18, no. 3 (Dec. 2009).
|
| 362 |
1 |
|
|a Ceased in 2009.
|
| 515 |
|
|
|a Vol. 15 no. 3 2006 was not published.
|
| 550 |
|
|
|a Official journal of the Transplant Nurses' Association.
|
| 588 |
0 |
|
|a Vol. 3, no. 3 (Dec. 1994); title from cover.
|
| 610 |
2 |
0 |
|a Transplant Nurses' Association
|v Periodicals.
|
| 650 |
|
0 |
|a Tranplantation of organs, tissues, etc.
|x Nursing
|v Periodicals.
|
| 650 |
|
0 |
|a Surgical nursing
|v Periodicals.
|
| 650 |
|
0 |
|a Transplantation of organs, tissues, etc.
|x Nursing
|v Periodicals.
|
| 650 |
|
6 |
|a Soins infirmiers en chirurgie
|v Périodiques.
|
| 650 |
|
6 |
|a Greffe (Chirurgie)
|x Soins infirmiers
|v Périodiques.
|
| 650 |
|
7 |
|a Surgical nursing.
|2 fast
|0 (OCoLC)fst01139464
|
| 650 |
|
7 |
|a Transplantation of organs, tissues, etc.
|x Nursing.
|2 fast
|0 (OCoLC)fst01154934
|
| 655 |
|
7 |
|a Periodicals.
|2 fast
|0 (OCoLC)fst01411641
|
| 710 |
2 |
|
|a Transplant Nurses' Association.
|
| 785 |
0 |
0 |
|t Transplant journal of Australasia
|
| 936 |
|
|
|a BATCHLOAD
|
| 029 |
1 |
|
|a AU@
|b 000076071144
|
| 029 |
1 |
|
|a AU@
|b 000076356584
|
| 029 |
1 |
|
|a AU@
|b 000076421536
|
| 029 |
1 |
|
|a AU@
|b 000076593817
|
| 029 |
1 |
|
|a AU@
|b 000076602232
|
| 994 |
|
|
|a Z0
|b TMV
|
| 948 |
|
|
|h NO HOLDINGS IN TMV - 1 OTHER HOLDINGS
|
| 999 |
f |
f |
|s d96b4110-549d-4cc2-924a-dc740f0d8f3f
|i 305a3b19-63e2-4b4a-aacc-087a5f7abbea
|t 0
|
| 952 |
f |
f |
|p ric
|a Texas A&M University
|b Rellis Campus
|c Joint Library Facility
|d Remote Storage
|t 0
|i unmediated -- volume
|k v.5/6
|l 1996/1997
|m 3238902634399
|
| 952 |
f |
f |
|p ric
|a Texas A&M University
|b Rellis Campus
|c Joint Library Facility
|d Remote Storage
|t 0
|i unmediated -- volume
|k v.7/8
|l 1998/1999
|m 3238902634401
|
| 952 |
f |
f |
|p ric
|a Texas A&M University
|b Rellis Campus
|c Joint Library Facility
|d Remote Storage
|t 0
|i unmediated -- volume
|k v.11:nos.1/2,v.12:nos.1/3
|l 2002/2003
|m 3238902634423
|
| 952 |
f |
f |
|p ric
|a Texas A&M University
|b Rellis Campus
|c Joint Library Facility
|d Remote Storage
|t 0
|i unmediated -- volume
|k v.9/10
|l 2000/2001
|m 3238902634412
|
| 998 |
f |
f |
|s v.5(1996)-v.11:no.2(2002),v.12:no.1(2003)-v.12:no.3(2003)
|t 0
|l Remote Storage
|